Poemas y poetas /

La poesía como género discursivo, destacando sus particularidades. Se entremezclan textos y autores para señalar el cruce de autores y producción.

Guardado en:
Autor Principal: Sauvignone, Marcelo
Autor Corporativo: Canal Encuentro.
Formato: Deslizar
Publicado: Argentina, 2011
Series:Horizontes. Lengua
Materias:
Etiquetas: Agregar Etiqueta
Sin Etiquetas, Sea el primero en etiquetar este registro!
LEADER 00934ngm a22002775g 4500
001 CEM.cems023695
008 130507s2011##################0###0#####d
005 20250623170858.0
245 1 0 |a Poemas y poetas /  |c Marcelo Sauvignone. 
260 |a Argentina,  |c 2011 
300 |a 30'. 
490 0 |a Horizontes. Lengua 
520 |a La poesía como género discursivo, destacando sus particularidades. Se entremezclan textos y autores para señalar el cruce de autores y producción. 
538 |a Soporte: DVD - Color: Si - Grabación DRD. 
500 |a Consultar en ventanilla. 
100 1 |a Sauvignone, Marcelo 
710 2 |a Canal Encuentro. 
082 4 0 |/ SAU-1 
653 |a LITERATURA 
653 |a LENGUA 
653 |a LENGUA Y LITERATURA 
653 |a GENEROS LITERARIOS 
653 |a POESIA 
653 |a POETAS 
653 |a SERIE DE TELEVISIÓN 
859 |a CEMS  |b BIB. CEMS - Depto. Recursos Didacticos  |h 401  |i SAU-1  |k DRD  |p 2338.15  |t Ej.1